| 000 | 01447nam a2200397 c 4500 | ||
|---|---|---|---|
| 001 | 54061 | ||
| 003 | ES-MaCES | ||
| 005 | 20260121143051.0 | ||
| 008 | 260119s2025 sp 000 | spa d | ||
| 017 |
_aM 16325-2025 _bDL |
||
| 020 | _a9788410674189 | ||
| 040 |
_aES-MaCES _bspa _cES-MaCES |
||
| 245 | 0 | 0 |
_aTrabajadoras del servicio de atención a domicilio _b: las "riders" de los cuidados _cSara Plaza Casares (coord.) |
| 260 |
_aMadrid _bLos Libros de la Catarata _c[2025] |
||
| 300 |
_a134 p. _c22 cm |
||
| 490 | 1 |
_aColección Investigación y debate _v511. Librepensamiento |
|
| 541 | _cCompra | ||
| 650 | 4 |
_amujeres _928657 |
|
| 650 | 4 |
_atrabajadora _928413 |
|
| 650 | 4 |
_atrabajo a domicilio _928334 |
|
| 650 | 4 |
_acuidado a las personas con discapacidad _927063 |
|
| 650 | 4 |
_aasistencia a las personas de edad avanzada _927061 |
|
| 650 | 4 |
_acuidado no profesional _930651 |
|
| 650 | 4 |
_atrabajador doméstico _928431 |
|
| 650 | 4 |
_acondiciones de trabajo _928327 |
|
| 650 | 4 |
_aempleo precario _930171 |
|
| 650 | 4 |
_asalario bajo _930448 |
|
| 650 | 4 |
_aEspaña _926964 |
|
| 650 | 4 |
_aestudio de casos _928846 |
|
| 653 | 1 | 0 | _aMujer |
| 700 | 1 |
_941614 _aPlaza Casares, Sara _ecol. |
|
| 830 | 0 |
_941620 _aColección Investigación y debate (Los Libros de la Catarata) _v511 |
|
| 830 | 0 |
_941620 _aColección Investigación y debate (Los Libros de la Catarata) _pLibrepensamiento |
|
| 902 | _aLIB Libro | ||
| 942 |
_2CES _cBK _h3.3. |
||
| 999 |
_c54061 _d54061 |
||